00154nam a22000617a 4500082001300000245004200013526003700055 a355bAID aAide Memories to the military science a0b0c0d355_000000000000000_AID